Seeing Double Quiz Stats

 Plays Quiz Updated May 20, 2019

Score 0/30 Timer 07:00
0 Plays Today
% Correct
yo-yo
98.9%
pom-pom
94.4%
Bamm Bamm
90.4%
(Lady) Gaga
89.3%
tutu
86.7%
dodo
83.6%
Papa (Smurf)
78.4%
Boo-boo
68.3%
cancan
66.9%
Jar Jar (Binks)
66%
choo-choo
57.3%
Dum Dum
55.5%
Liar Liar
55.3%
couscous
55.2%
Toto
50%
% Correct
Zsa Zsa (Gabor)
49.3%
Tintin
48%
tom-tom
47.4%
muumuu
44.7%
tsetse (fly)
41.4%
cha-cha
40.3%
Duran Duran
33.7%
AT-AT
30%
Chi Chi (Rodriguez)
29.4%
bonbon
29.3%
Sing Sing
28.6%
tartar (sauce)
22.4%
dik-dik
14.5%
aye-aye
14.4%
KenKen
11%

You're not logged in!

Compare scores with friends on all Sporcle quizzes.
OR
Log In

Show Comments

Extras

Top Quizzes Today


Score Distribution

Your Account Isn't Verified!

In order to create a playlist on Sporcle, you need to verify the email address you used during registration. Go to your Sporcle Settings to finish the process.

Report this User

Report this user for behavior that violates our Community Guidelines.

Details: